Sports Quiz

Random Sports or Football Quiz

Worst National Teams Quiz Stats

Quiz not verified by Sporcle

Challenge
Share
Tweet
Embed
Score 0/30 Timer 08:00
0 Plays Today
Ranking Team % Correct
-San Marino
62.3%
202.Andorra
53.2%
182.Samoa
46.6%
188.Tonga
38.4%
196.Bhutan
36.9%
-Seychelles
32.3%
203.Papua New Guinea
31%
-American Samoa
30.3%
186.St. Lucia
28.8%
197.Dominica
28.5%
-Brunei
27.5%
189Djibouti
27.5%
178.Laos
27.2%
180.Bahamas
26.7%
191.British Virgin Islands
24.4%
Ranking Team % Correct
181.Mauritius
24.4%
193.Afghanistan
24.2%
-Montserrat
23.9%
-Timor-Leste
22.1%
-Guam
20.9%
190.Dominican Republic
20.6%
198.Aruba
17.6%
200.Central African Republic
17.3%
-Guinea-Bissau
17.3%
184.Cook Islands
17%
199.US Virgin Islands
16.8%
194.Tahiti
15.3%
-Anguilla
13.2%
183.Cayman Islands
12.7%
187.Macau
12%

You're not logged in!

Compare scores with friends on all Sporcle quizzes.
Join for Free
OR
Log In

You Might Also Like...

Show Comments

Extras

Top Quizzes Today


Score Distribution

Your Account Isn't Verified!

In order to create a playlist on Sporcle, you need to verify the email address you used during registration. Go to your Sporcle Settings to finish the process.

Report this User

Report this user for behavior that violates our Community Guidelines.

Details: